Comprehensive Grammar & Composition: (Record no. 188792)

MARC details
000 -LEADER
fixed length control field 00652nam a22001937a 4500
005 - DATE AND TIME OF LATEST TRANSACTION
control field 20220603143749.0
010 ## - LCCN (DPL NO)
LC control number ENG-132992
020 ## - INTERNATIONAL STANDARD BOOK NUMBER
International Standard Book Number 9789354498886
Terms of availability 499.00
035 ## - SYSTEM CONTROL NUMBER
System control number EN-116524
037 ## - SOURCE OF ACQUISITION
Source of stock number/acquisition DBAD/PUB
082 ## - DEWEY DECIMAL CLASSIFICATION NUMBER
Classification number 485
100 ## - MAIN ENTRY--PERSONAL NAME
Personal name Sood, Geeta
245 ## - TITLE STATEMENT
Title Comprehensive Grammar & Composition:
Remainder of title Upper Middle & Secondary School/
Statement of responsibility, etc Geeta Sood and Anima Chakraverty
260 ## - PUBLICATION, DISTRIBUTION, ETC. (IMPRINT)
Place of publication, distribution, etc Noida
Name of publisher, distributor, etc Pearson India Education Services Pvt. Ltd
Date of publication, distribution, etc 2022
270 ## - ADDRESS
Address world Trade Tower, 15th Floor, Plot no. C-01, Sector-16
City Noida
Postal code 201301
300 ## - PHYSICAL DESCRIPTION
Extent 512p.
Dimensions 25cm(pbk)
700 ## - ADDED ENTRY--PERSONAL NAME
Personal name Chakraverty, Anima
942 ## - ADDED ENTRY ELEMENTS (KOHA)
Source of classification or shelving scheme Dewey Decimal Classification
Item type English Books
Call number suffix SOO
Classification part 485
Holdings
Withdrawn status Lost status Not for loan Collection code Home library Current library Date acquired Source of acquisition Cost, normal purchase price Full call number Barcode Copy number Cost, replacement price Koha item type
      Non-fiction Ashok Vihar Ashok Vihar 03/06/2022 DBAD/PUB 499.00 485 SOO EN-116524 1 499.00 English Books

© Delhi Public Library
Hit Counter
free hit counter